| 000 | 01142nam a2200349 a 4500 | ||
|---|---|---|---|
| 008 | |||
| 020 | _a9780273623816 (paperback) | ||
| 040 |
_aNUST _cNUST |
||
| 049 | _aMAIN | ||
| 090 |
_aHF5437 _bPUR |
||
| 245 | 1 | 0 |
_aPurchasing principles and management/ _c Peter Baily ; David Farmer ; David Jessop & David Jones. |
| 250 | _aEighth edition. | ||
| 260 |
_aLondon : _bFinancial Times Management, _c1998. |
||
| 300 |
_ax, 406 pages : _billustrations ; _c25 cm. |
||
| 336 |
_atext _btxt _2rdacontent |
||
| 337 |
_aunmediated _bn _2rdamedia |
||
| 338 |
_avolume _bnc _2rdacarrier |
||
| 500 | _aIncludes index. | ||
| 504 | _aIncludes bibliographical references. | ||
| 650 | 1 |
_aPurchasing _xManagement. |
|
| 650 |
_aIndustrial procurement _xManagement. |
||
| 650 | _aPurchasing. | ||
| 650 | _aIndustrial procurement. | ||
| 700 |
_aBaily, Peter., _aauthor. |
||
| 700 |
_aFarmer, David., _aauthor. |
||
| 700 |
_aJessop, David., _aauthor. |
||
| 700 |
_aJones, David., _aauthor. |
||
| 907 |
_a.b1041406x _b23-02-22 _c23-02-22 |
||
| 003 | |||
| 005 | 20230123141231.0 | ||
| 942 |
_cBOOKS _kHF5437 _mPUR |
||
| 999 |
_c169976 _d169976 |
||